Numerical methods for engineering applications / (Record no. 182257)
[ view plain ]
| 000 -LEADER | |
|---|---|
| fixed length control field | 01374 a2200241 4500 |
| 003 - CONTROL NUMBER IDENTIFIER | |
| control field | Nust |
| 005 - DATE AND TIME OF LATEST TRANSACTION | |
| control field | 20221018111249.0 |
| 010 ## - LIBRARY OF CONGRESS CONTROL NUMBER | |
| LC control number | 93001189 |
| 020 ## - INTERNATIONAL STANDARD BOOK NUMBER | |
| International Standard Book Number | 0824791355 (acid-free paper) |
| 040 ## - CATALOGING SOURCE | |
| Transcribing agency | Nust |
| 082 00 - DEWEY DECIMAL CLASSIFICATION NUMBER | |
| Classification number | 620.00151,CHA |
| 100 1# - MAIN ENTRY--PERSONAL NAME | |
| Personal name | Champion, Edward R., |
| 9 (RLIN) | 76177 |
| 245 10 - TITLE STATEMENT | |
| Title | Numerical methods for engineering applications / |
| Statement of responsibility, etc. | Edward R. Champion, Jr. |
| 260 ## - PUBLICATION, DISTRIBUTION, ETC. | |
| Place of publication, distribution, etc. | New York : |
| Name of publisher, distributor, etc. | Marcel Dekker, |
| Date of publication, distribution, etc. | c1993. |
| 300 ## - PHYSICAL DESCRIPTION | |
| Extent | xv, 442 p. : |
| Other physical details | ill. ; |
| Dimensions | 24 cm. |
| 490 1# - SERIES STATEMENT | |
| Series statement | Mechanical engineering ; |
| Volume/sequential designation | 84 |
| 505 ## - FORMATTED CONTENTS NOTE | |
| Formatted contents note | Introduction to Numerical Analysis (Page-1), Functional Interpolation and Extrapolation (Page-33), Numerical Differentiation and Integration (Page-91), Vectors, Matrices and Linear Algebra Equations (Page-129), Roots and Non Linear Equations (Page-193), Eigenvectors and Eigensystems (Page-225), Ordinary Differential Equations (Page-257), Numerical Solutions of Partial Differential Equations (Page-315), Applications of Routing to the Finite Element Method (Page-359), Fourier Transforms (Page-389), Ready-Made Math Software Packages (Page-403). |
| 650 #0 - SUBJECT ADDED ENTRY--TOPICAL TERM | |
| Topical term or geographic name entry element | Engineering mathematics |
| General subdivision | Data processing. |
| 9 (RLIN) | 133 |
| 650 #0 - SUBJECT ADDED ENTRY--TOPICAL TERM | |
| Topical term or geographic name entry element | Numerical analysis |
| General subdivision | Data processing. |
| 9 (RLIN) | 72 |
| 830 #0 - SERIES ADDED ENTRY--UNIFORM TITLE | |
| Uniform title | Mechanical engineering (Marcel Dekker, Inc.) ; |
| 856 42 - ELECTRONIC LOCATION AND ACCESS | |
| Materials specified | Publisher description |
| Uniform Resource Identifier | <a href="http://www.loc.gov/catdir/enhancements/fy0745/93001189-d.html">http://www.loc.gov/catdir/enhancements/fy0745/93001189-d.html</a> |
| 942 ## - ADDED ENTRY ELEMENTS (KOHA) | |
| Source of classification or shelving scheme | |
| Koha item type | Book |
| Withdrawn status | Lost status | Source of classification or shelving scheme | Damaged status | Not for loan | Permanent Location | Current Location | Shelving location | Date acquired | Full call number | Barcode | Date last seen | Price effective from | Koha item type | Public note |
|---|---|---|---|---|---|---|---|---|---|---|---|---|---|---|
| Military College of Signals (MCS) | Military College of Signals (MCS) | General Stacks | 12/12/2016 | 620.00151,CHA | MCS7250 | 12/08/2016 | 12/12/2016 | Book | Almirah No.26, Shelf No.5 |
